Sports management/ (Record no. 209185)

MARC details
000 -LEADER
fixed length control field 00611nam a22001817a 4500
005 - DATE AND TIME OF LATEST TRANSACTION
control field 20250501115856.0
010 ## - LCCN (DPL NO)
LC control number ENG-144780
020 ## - INTERNATIONAL STANDARD BOOK NUMBER
International Standard Book Number 9788189102487
Terms of availability 595.00
035 ## - SYSTEM CONTROL NUMBER
System control number EN-128312
037 ## - SOURCE OF ACQUISITION
Source of stock number/acquisition DBAD
082 ## - DEWEY DECIMAL CLASSIFICATION NUMBER
Classification number 796.069
100 ## - MAIN ENTRY--PERSONAL NAME
Personal name Chakraborty, Samiran
245 ## - TITLE STATEMENT
Title Sports management/
Statement of responsibility, etc Samiran Chakraborty
260 ## - PUBLICATION, DISTRIBUTION, ETC. (IMPRINT)
Place of publication, distribution, etc Delhi
Name of publisher, distributor, etc Sports Publication
Date of publication, distribution, etc 2020
270 ## - ADDRESS
Address 7/26, Ground floor, Ansari Road, Daryaganj
City New Delhi
Postal code 110002
Telephone number 9999146721, 9868028838
Electronic mail address info@sportspublication.net
300 ## - PHYSICAL DESCRIPTION
Extent 232p.:
Dimensions 23cm(pbk)
Other physical details ill.
942 ## - ADDED ENTRY ELEMENTS (KOHA)
Institution code [OBSOLETE] dpl
Item type English Books
Source of classification or shelving scheme Dewey Decimal Classification
Classification part 796.069
Call number suffix CHA
Holdings
Withdrawn status Lost status Not for loan Collection code Home library Current library Date acquired Source of acquisition Cost, normal purchase price Full call number Barcode Copy number Cost, replacement price Koha item type
      Non-fiction Patel Nagar Patel Nagar 01/05/2025 Delivery of Books Act Division 595.00 796.069 CHA EN-128312 1 595.00 English Books

© Delhi Public Library
Hit Counter
free hit counter